Instructional objectives and teachers education / (Record no. 1029)

000 -LEADER
fixed length control field 00459nam a22001697a 4500
003 - CONTROL NUMBER IDENTIFIER
control field OSt
005 - DATE AND TIME OF LATEST TRANSACTION
control field 20140116120843.0
008 - FIXED-LENGTH DATA ELEMENTS--GENERAL INFORMATION
fixed length control field 121107b xxu||||| |||| 00| 0 eng d
020 ## - INTERNATIONAL STANDARD BOOK NUMBER
International Standard Book Number 8171692338
040 ## - CATALOGING SOURCE
Original cataloging agency LoC
Language of cataloging English
050 ## - LIBRARY OF CONGRESS CALL NUMBER
Classification number LB2800.75.R36 2008
100 ## - MAIN ENTRY--PERSONAL NAME
Personal name Rao, V.K (ed..)
245 ## - TITLE STATEMENT
Title Instructional objectives and teachers education /
Statement of responsibility, etc Rao V.K.
260 ## - PUBLICATION, DISTRIBUTION, ETC. (IMPRINT)
Place of publication, distribution, etc New dehli
Name of publisher, distributor, etc APH publishing corporation
Date of publication, distribution, etc 2008
300 ## - PHYSICAL DESCRIPTION
Extent v.:306p.
942 ## - ADDED ENTRY ELEMENTS (KOHA)
Source of classification or shelving scheme
Koha item type Book
Holdings
Withdrawn status Lost status Source of classification or shelving scheme Damaged status Not for loan Home library Current library Date acquired Total Checkouts Full call number Barcode Date last seen Date checked out Copy number Price effective from Koha item type
          Riara University Library Riara University Library 07/11/2012 1 LB2800.75.R36 2008 3545/12 27/11/2012 27/11/2012 C.1 07/11/2012 Book

Riara University Library,
P.O. Box 49940-00100,
Nairobi, Kenya.